| 000 | 00606nam a2200229 a 4500 | ||
|---|---|---|---|
| 001 | 7644 | ||
| 003 | CO-ViMGA | ||
| 008 | 141112s2004 ck r 000 u spa d | ||
| 020 | _a9586007219 | ||
| 040 |
_aCO-ViMGA _bspa _cCO-ViMGA |
||
| 082 | 0 | 4 | _a370.114 M671e |
| 100 | 1 | _aMora G., Guillermo E. | |
| 245 | 1 | 0 |
_aética y Convivencia : _bDerechos y deberes humanos |
| 260 |
_aBogotá, _cMcGraw Hill, _c1997 |
||
| 300 | _a123.p. | ||
| 490 | 0 | _aValores, ética y paz | |
| 650 | 1 | 4 | _aDEBERES HUMANOS |
| 650 | 1 | 4 |
_aDERECHOS HUMANOS _955 |
| 650 | 1 | 4 | _aeducación MORAL |
| 650 | 1 | 4 | _aética |
| 942 |
_2ddc _cBK |
||
| 999 |
_c10166 _d10166 |
||